St. Mark and the Coptic Church.

محفوظ في:

مؤلف مشترك: Coptic Church.

التنسيق: كتاب

اللغة: English

منشور في: Cairo : Coptic Orthodox Patriarchate, 1968.

الموضوعات:

الوسوم: إضافة وسم

لا توجد وسوم, كن أول من يضع وسما على هذه التسجيلة!

رقم الطلب: BX133.2 .A4 1968 DLIR

LEADER 00756nam a22002771 4500
001 1237
003 OSt
005 20251102061030.0
008 130303s1968 ua ach b 000 0beng d
035 |a tmp00547030 
040 |c ARCE Library 
049 |a EARC 
050 4 |a BX133.2 .A4 1968 
099 |a DLIR 
110 2 |a Coptic Church. 
245 1 0 |a St. Mark and the Coptic Church. 
264 1 |a Cairo :   |b Coptic Orthodox Patriarchate,   |c 1968. 
300 |a 163 pages :  |b illustrations, facsimiles, ports. ;   |c 24 cm. 
504 |a Bibliographical footnotes. 
600 0 0 |a Mark,  |c Saint. 
610 2 0 |a Coptic Church. 
650 0 |a Coptic art. 
650 0 |a Coptic literature  |x History and criticism. 
901 |a reviewed 
942 |c BK  |2 lcc 
999 |c 1601  |d 1601